Общие принципы лечения заболеваний внутренних органов (Запись № 13547990)

Подробности
000 -МАРКЕР
контрольное поле 02733nam1a2200361 4500
001 - ИДЕНТИФИКАТОР ЗАПИСИ
контрольное поле RU\NLR\BIBL_A\022712754
005 - ИДЕНТИФИКАТОР ВЕРСИИ
контрольное поле 20260407083320.0
035 ## - ДРУГИЕ СИСТЕМНЫЕ НОМЕРА
Идентификатор записи (NLR Aleph) 022712754
100 ## - ДАННЫЕ ОБЩЕЙ ОБРАБОТКИ
Данные общей обработки 20260130d2025 u y0rusy50 ca
101 0# - ЯЗЫК РЕСУРСА
Язык текста, звукозаписи и т.д. русский
102 ## - СТРАНА ПУБЛИКАЦИИ ИЛИ ПРОИЗВОДСТВА
Страна публикации Российская Федерация
105 ## - ПОЛЕ КОДИРОВАННЫХ ДАННЫХ: ТЕКСТОВЫЕ МАТЕРИАЛЫ, МОНОГРАФИЧЕСКИЕ
Кодированные данные о монографическом текстовом документе j
181 #0 - ПОЛЕ КОДИРОВАННЫХ ДАННЫХ: ВИД СОДЕРЖАНИЯ
Код вида содержания (ISBD) i3
Код характеристики содержания (ISBD) axxe
182 #0 - ПОЛЕ КОДИРОВАННЫХ ДАННЫХ: ТИП СРЕДСТВА
Код типа средства (ISBD) n - непосредственное
200 1# - ЗАГЛАВИЕ И СВЕДЕНИЯ ОБ ОТВЕТСТВЕННОСТИ
Основное заглавие Общие принципы лечения заболеваний внутренних органов
Сведения, относящиеся к заглавию учебное пособие
-- для студентов III курса по специальности 31.05.03 - Стоматология
-- в 2 ч.
Первые сведения об ответственности д. м. н., профессор И. А. Горбачева, доцент, к. м. н. Ю. А. Сычева, доцент, к. м. н. Л. А. Николаева, доцент, к. м. н. Л. А. Шестакова
Последующие сведения об ответственности под редакцией И. А. Горбачевой
-- Федеральное государственное бюджетное образовательное учреждение высшего образования "Санкт-Петербургский государственный медицинский университет им. И. П. Павлова" Министерства здравоохранения Российской Федерации, Кафедра внутренних болезней стоматологического факультета
203 ## - ВИД СОДЕРЖАНИЯ И ТИП СРЕДСТВА
Вид содержания Текст
Дополнительные сведения об издании визуальный
Тип средства непосредственный
210 ## - ПУБЛИКАЦИЯ, РАСПРОСТРАНЕНИЕ И ДР.
Место издания, распространения и т.д. Санкт-Петербург
Имя издателя, распространителя и т. д. РИЦ ПСПбГМУ
Дата издания, распространения и т.д. 2025
215 ## - ФИЗИЧЕСКАЯ ХАРАКТЕРИСТИКА
Размеры 21
300 ## - ОБЩИЕ ПРИМЕЧАНИЯ
Текст примечания Авт. указаны на обороте тит. с.
606 1# - НАИМЕНОВАНИЕ ТЕМЫ КАК ПРЕДМЕТ
Наименование темы Внутренние болезни
Формальный подзаголовок Учебные издания для высших учебных заведений
Тематический подзаголовок Терапия
Системный номер авторитетной/нормативной записи 1313080
Идентификатор авторитетной/нормативной записи RU\NLR\AUTH\66228422
686 1# - ИНДЕКСЫ ДРУГИХ КЛАССИФИКАЦИЙ
Индекс Р41-5я73
701 #1 - ИМЯ ЛИЦА - АЛЬТЕРНАТИВНАЯ ОТВЕТСТВЕННОСТЬ
Начальный элемент ввода Горбачева
Часть имени, кроме начального элемента ввода И. А.
Расширение инициалов личного имени Ирина Анатольевна
701 #1 - ИМЯ ЛИЦА - АЛЬТЕРНАТИВНАЯ ОТВЕТСТВЕННОСТЬ
Начальный элемент ввода Сычева
Часть имени, кроме начального элемента ввода Ю. А.
Расширение инициалов личного имени Юлия Анатольевна
701 #1 - ИМЯ ЛИЦА - АЛЬТЕРНАТИВНАЯ ОТВЕТСТВЕННОСТЬ
Начальный элемент ввода Николаева
Часть имени, кроме начального элемента ввода Л. А.
Дополнения к именам, кроме дат канд. мед. наук, стоматология
Расширение инициалов личного имени Любовь Анатольевна
Системный номер авторитетной/нормативной записи 168524
Идентификатор авторитетной/нормативной записи RU\NLR\AUTH\770168573
701 #1 - ИМЯ ЛИЦА - АЛЬТЕРНАТИВНАЯ ОТВЕТСТВЕННОСТЬ
Начальный элемент ввода Шестакова
Часть имени, кроме начального элемента ввода Л. А.
Расширение инициалов личного имени Людмила Андреевна
712 02 - НАИМЕНОВАНИЕ ОРГАНИЗАЦИИ - ВТОРИЧНАЯ ОТВЕТСТВЕННОСТЬ
Код отношения Прочие
Начальный элемент ввода Санкт-Петербургский государственный медицинский университет им. И. П. Павлова
Структурное подразделение Кафедра внутренних болезней стоматологического факультета
Системный номер авторитетной/нормативной записи 587838
Идентификатор авторитетной/нормативной записи RU\NLR\AUTH\8810044197
852 ## - МЕСТОНАХОЖДЕНИЕ И ШИФР ХРАНЕНИЯ
Идентификатор организации NLR
Шифр хранения (Call Number) 2026-4/482
942 ## - ДОПОЛНИТЕЛЬНЫЕ ЭЛЕМЕНТЫ ЗАПИСИ (АБИС)
Тип экземпляра АБИС Книга
980 ## - КОЛЛЕКЦИЯ
Название коллекции Национальная библиография

Нет доступных экземпляров.